[Event "Tournoi Skype 030B"]
[Site "Skype"]
[Date "????.??.??"]
[Round "3.7"]
[White "Alarcon Alarcon, Marina"]
[Black "Morales Terreros, Jose Luis"]
[Result "0-1"]
[WhiteElo "1202"]
[BlackElo "1000"]
[PlyCount "88"]

1. e4 e5 2. Nf3 Nf6 3. d3 Nc6 4. Nc3 Bc5 5. h3 d6 6. Bg5 Be6 7. Be2 h6 8. Bh4
Qd7 9. Qd2 O-O-O 10. Bxf6 gxf6 11. Nd5 f5 12. c3 fxe4 13. dxe4 f5 14. Bd3 Rdg8
15. Nf6 Qf7 16. Nxg8 Rxg8 17. exf5 Bxf5 18. O-O-O Rxg2 19. Bxf5+ Qxf5 20. Nh4
Qf7 21. Nxg2 Qxa2 22. Qc2 Na5 23. Ne3 Nb3+ 24. Qxb3 Qxb3 25. Rhg1 Qf7 26. Rg2
Qh5 27. Rg8+ Kd7 28. Rg7+ Ke6 29. b4 Bb6 30. Rdg1 Bxe3+ 31. fxe3 Qxh3 32. R1g6+
Kd5 33. Kd2 Kc4 34. Rg4+ Kb3 35. Rg3 Qf5 36. e4 Qxe4 37. c4+ Kxb4 38. R7g4 Qf5
39. c5+ Kxc5 40. Rc3+ Kd5 41. Rd3+ Ke6 42. Rgg3 e4 43. Rde3 d5 44. Rgf3 Qxf3
0-1

[Event "Tournoi Skype 030B"]
[Site "Skype"]
[Date "????.??.??"]
[Round "3.8"]
[White "Reese, Evan"]
[Black "Nicolini, Francesco"]
[Result "0-1"]
[WhiteElo "1107"]
[BlackElo "1176"]
[PlyCount "46"]

1. e4 e5 2. Nc3 Nc6 3. Bc4 Nf6 4. d3 Nd4 5. Be3 Bb4 6. Nge2 c5 7. O-O d6 8. Nd5
Bg4 9. Re1 Bxe1 10. Bxd4 Ba5 11. Be3 h6 12. c3 Rb8 13. d4 b5 14. f3 bxc4 15.
Nxf6+ Qxf6 16. fxg4 cxd4 17. cxd4 O-O 18. Ng3 Bb6 19. Qc2 exd4 20. Rf1 Qg6 21.
Bf4 d3+ 22. Kh1 dxc2 23. Bxd6 Qxd6 0-1

[Event "Tournoi Skype 030B"]
[Site "Skype"]
[Date "????.??.??"]
[Round "3.9"]
[White "Garcia De La Calva, Juan Ramon"]
[Black "De Coninck, Philippe"]
[Result "1-0"]
[WhiteElo "1000"]
[BlackElo "1173"]
[PlyCount "48"]

1. e4 e5 2. Nf3 Nc6 3. Bb5 a6 4. Ba4 Nf6 5. O-O Nxe4 6. d4 exd4 7. Re1 b5 8.
Bb3 f5 9. Bd5 Bd6 10. Bxe4 fxe4 11. Bg5 Be7 12. Rxe4 O-O 13. Bxe7 Nxe7 14. Qxd4
Bb7 15. Rg4 Ng6 16. Nbd2 Rf7 17. Re1 Qf6 18. Ng5 Qxd4 19. Rxd4 Rf5 20. Ndf3
Bxf3 21. Nxf3 d6 22. Rde4 Kf7 23. h4 h5 24. Ng5+ Kf6 1-0

[Event "Tournoi Skype 030B"]
[Site "Skype"]
[Date "????.??.??"]
[Round "3.10"]
[White "Pirola, Gabriele"]
[Black "Barrera Mendoza, Carlos"]
[Result "0-1"]
[WhiteElo "1000"]
[BlackElo "1166"]
[PlyCount "54"]

1. Nf3 Nf6 2. d4 g6 3. c3 Bg7 4. e3 O-O 5. Bd3 d6 6. O-O Nbd7 7. h3 e5 8. dxe5
dxe5 9. Qc2 Re8 10. Nbd2 Nc5 11. Bc4 Bf5 12. Qd1 c6 13. Re1 e4 14. Ng5 Nd5 15.
f4 h6 16. g4 Bd7 17. Ngxe4 Nxe4 18. Qb3 Qh4 19. Re2 Qxh3 20. Nxe4 Rxe4 21. Bxd5
cxd5 22. Qxb7 Qxg4+ 23. Kf1 Ree8 24. Qxd5 a6 25. Rg2 Qh3 26. Ke1 Rad8 27. Rxg6
Qh4+ 0-1

[Event "Tournoi Skype 030B"]
[Site "Skype"]
[Date "????.??.??"]
[Round "3.11"]
[White "Conde, Carmen"]
[Black "Salvi, Angele"]
[Result "1-0"]
[WhiteElo "1166"]
[BlackElo "1000"]
[PlyCount "77"]

1. e4 d5 2. exd5 Nf6 3. c4 c6 4. dxc6 Nxc6 5. Nf3 e6 6. Be2 Bd6 7. d3 O-O 8.
O-O h6 9. Bd2 Rb8 10. Bc3 Re8 11. Nbd2 e5 12. Ne4 Nxe4 13. dxe4 Qe7 14. a3 Bd7
15. b4 b6 16. Qd5 Nd8 17. Rad1 Nb7 18. Bxe5 Be6 19. Bxd6 Nxd6 20. Qxd6 Qb7 21.
Qf4 Re7 22. Nd4 Qc8 23. Nc6 Qxc6 24. Qxb8+ Kh7 25. Bf3 Qxc4 26. Qf4 Qa6 27. e5
Qxa3 28. Qe4+ g6 29. h4 Bf5 30. Qf4 Qb2 31. Rfe1 a5 32. h5 a4 33. hxg6+ fxg6
34. Rd6 b5 35. Bg4 Qc3 36. Red1 Bc2 37. Qf6 Rg7 38. Rd7 Rxd7 39. Rxd7+ 1-0

[Event "Tournoi Skype 030B"]
[Site "Skype"]
[Date "????.??.??"]
[Round "3.12"]
[White "Parrales, Rodolfo"]
[Black "Wenckstern, Roberto"]
[Result "0-1"]
[WhiteElo "1146"]
[BlackElo "1000"]
[PlyCount "38"]

1. d4 c6 2. e4 Nf6 3. Nc3 d6 4. Be2 g6 5. b3 Bg7 6. Bb2 O-O 7. Nf3 Ng4 8. O-O
Nd7 9. h3 Nh6 10. a4 e5 11. dxe5 Nxe5 12. Nxe5 Bxe5 13. Qc1 Qh4 14. Nd1 Bf4 15.
Ne3 Bxh3 16. gxh3 Qxh3 17. Rd1 Bh2+ 18. Kh1 Bg3+ 19. Kg1 Qh2+ 0-1

[Event "Tournoi Skype 030B"]
[Site "Skype"]
[Date "????.??.??"]
[Round "3.13"]
[White "Schnell, Nicolas"]
[Black "Rosenkoetter, David"]
[Result "0-1"]
[WhiteElo "1000"]
[BlackElo "1143"]
[PlyCount "66"]

1. e4 c6 2. Nf3 d5 3. e5 c5 4. d4 e6 5. Nc3 Nd7 6. Bb5 a6 7. Ba4 b5 8. Bg5 f6
9. Bh4 bxa4 10. Nxa4 c4 11. Nc3 Nh6 12. exf6 Nxf6 13. O-O Be7 14. Bg5 Nf5 15.
Ne5 O-O 16. Qf3 Nxd4 17. Qg3 Ne4 18. Qg4 Bxg5 19. Nxe4 dxe4 20. Qxe4 Bf4 21.
Nxc4 Rb8 22. b3 Qg5 23. g3 Bb7 24. Qxd4 Qg4 25. f3 Bxf3 26. Ne5 Bxe5 27. Qxg4
Bxg4 28. Rfe1 Bxa1 29. Rxa1 Bh3 30. Re1 Rf6 31. c4 Rbf8 32. g4 Rf1+ 33. Rxf1
Rxf1# 0-1

[Event "Tournoi Skype 030B"]
[Site "Skype"]
[Date "????.??.??"]
[Round "3.14"]
[White "Barba Cepeda, Julio Cesar"]
[Black "Khabou, Taha"]
[Result "1/2-1/2"]
[WhiteElo "1139"]
[BlackElo "1358"]
[PlyCount "86"]

1. e4 e6 2. d4 d5 3. Nc3 dxe4 4. Nxe4 Bd7 5. c3 Bc6 6. Bd3 Nd7 7. Nf3 Ngf6 8.
Qe2 Nxe4 9. Bxe4 Bxe4 10. Qxe4 c6 11. O-O Nf6 12. Qc2 Be7 13. Bg5 O-O 14. Qb3
Rb8 15. Rad1 Nd5 16. Bxe7 Qxe7 17. Qc2 Qf6 18. Ne5 Rfd8 19. Rd3 Qf5 20. Qb1 f6
21. Nf3 Nf4 22. Rd2 Qxb1 23. Rxb1 Rd5 24. g3 Ng6 25. Re2 Rf5 26. Kg2 Kf7 27.
Rbe1 Re8 28. Re3 e5 29. dxe5 Nxe5 30. Nxe5+ Rfxe5 31. Rxe5 Rxe5 32. Rxe5 fxe5
33. Kf3 Ke6 34. Ke4 a5 35. a4 b5 36. b3 bxa4 37. bxa4 g5 38. f3 h5 39. h3 h4
40. g4 Kf6 41. c4 Ke6 42. Kd3 Kd6 43. Ke4 Ke6 1/2-1/2

[Event "Tournoi Skype 030B"]
[Site "Skype"]
[Date "????.??.??"]
[Round "3.15"]
[White "Lognos, Lina"]
[Black "Luna Perez Vico, Lorenzo"]
[Result "1-0"]
[WhiteElo "1023"]
[BlackElo "1341"]
[PlyCount "117"]

1. d4 Nf6 2. Bf4 d5 3. e3 e6 4. Nf3 Bd6 5. Bg3 Ne4 6. Bd3 Nxg3 7. hxg3 h6 8.
Nbd2 Nd7 9. Qe2 c5 10. c4 cxd4 11. exd4 Nf6 12. O-O-O Qa5 13. Kb1 Bd7 14. Nb3
Qc7 15. Rc1 Qd8 16. Ne5 Ba4 17. c5 Bxe5 18. Bb5+ Bxb5 19. Qxb5+ Qd7 20. Qxd7+
Nxd7 21. dxe5 Nxe5 22. Na5 Rb8 23. Rc3 Nc6 24. Nxc6 bxc6 25. Ra3 Rb7 26. Ra6
Kd7 27. Rh4 Rhb8 28. b3 Ra8 29. Rha4 e5 30. f3 g5 31. Kb2 h5 32. Kc3 f5 33. g4
hxg4 34. fxg4 f4 35. Kd2 Rc7 36. Ke2 Ke6 37. Kf2 e4 38. b4 Ke5 39. Ra3 Kd4 40.
Rb3 Kc4 41. Rb1 Rb8 42. a3 e3+ 43. Kf3 Kd4 44. Rd1+ Ke5 45. Rh1 d4 46. Rh5 Rg8
47. Rh6 Kd5 48. Rd6+ Ke5 49. Rdxc6 Rxc6 50. Rxc6 Rg7 51. b5 d3 52. Rd6 d2 53.
Ke2 Rc7 54. Ra6 Rxc5 55. Rxa7 Rxb5 56. Re7+ Kf6 57. Rc7 Rb2 58. Rc6+ Ke5 59.
Ra6 1-0

[Event "Tournoi Skype 030B"]
[Site "Skype"]
[Date "????.??.??"]
[Round "3.16"]
[White "Sanchez Padilla, Armando Edilber"]
[Black "Ladeia Pereira, Geraldo"]
[Result "0-1"]
[WhiteElo "1225"]
[BlackElo "1083"]
[PlyCount "74"]

1. e4 e5 2. Nf3 d6 3. Bc4 Bg4 4. d3 h6 5. Nc3 c6 6. a4 a5 7. O-O Qc7 8. h3 Bh5
9. d4 exd4 10. Qxd4 Bxf3 11. gxf3 Nd7 12. Ne2 Ngf6 13. Ng3 g6 14. f4 Bg7 15. f5
Nh5 16. Bxf7+ Kxf7 17. fxg6+ Kxg6 18. e5 Nxg3 19. Qg4+ Kh7 20. Qxg3 Bxe5 21.
Qh4 Rhg8+ 22. Kh1 Rg6 23. Be3 Bxb2 24. Rad1 Rag8 25. Qe4 d5 26. Qf5 Rf8 27. Qd3
Rf3 28. Qxg6+ Kxg6 29. Kg2 Ne5 30. Rg1 Kh7 31. Bd4 Bxd4 32. Rxd4 Qg7+ 33. Kf1
Qf6 34. Rg2 Rxh3 35. Ke2 Qf3+ 36. Kf1 Rh1+ 37. Rg1 Qh3+ 0-1

[Event "Tournoi Skype 030B"]
[Site "Skype"]
[Date "????.??.??"]
[Round "3.17"]
[White "Balci Gungor, Ayca"]
[Black "Malbec, Robert"]
[Result "1-0"]
[WhiteElo "1019"]
[BlackElo "1223"]
[PlyCount "85"]

1. e4 e5 2. Bc4 Bc5 3. d3 Nf6 4. Nf3 d6 5. O-O O-O 6. Be3 Nbd7 7. Re1 c6 8. Nc3
Bb4 9. d4 Bxc3 10. bxc3 Nxe4 11. dxe5 d5 12. Bb3 Nxc3 13. Qd3 Ne4 14. Qd4 Re8
15. Ng5 Rxe5 16. Bf4 Re7 17. f3 Nxg5 18. Bxg5 f6 19. Bh4 Ne5 20. Re4 Ng6 21. c4
Kh8 22. cxd5 cxd5 23. Bxd5 Qb6 24. Rd1 Rxe4 25. Bxe4 Qxd4+ 26. Rxd4 h6 27. Bxg6
Be6 28. a4 b6 29. Be1 Bb3 30. Rd7 Bxa4 31. Rf7 Bb3 32. Rc7 b5 33. Bb4 a6 34.
Ba5 Bc4 35. f4 Rb8 36. Bc3 Rd8 37. g4 Rg8 38. g5 hxg5 39. fxg5 fxg5 40. Rb7 g4
41. Re7 a5 42. Re5 b4 43. Rh5# 1-0

[Event "Tournoi Skype 030B"]
[Site "Skype"]
[Date "????.??.??"]
[Round "3.18"]
[White "Bustos, Elias Ezequiel"]
[Black "Felippe E Silva, Glenda"]
[Result "0-1"]
[WhiteElo "1000"]
[BlackElo "1207"]
[PlyCount "134"]

1. d4 d5 2. Bf4 c6 3. e3 Qb6 4. b3 Bf5 5. Nd2 Nf6 6. Ngf3 e6 7. Ne5 Be7 8. Be2
O-O 9. O-O Nbd7 10. Re1 Nxe5 11. dxe5 Nd7 12. Bg4 Bxg4 13. Qxg4 g6 14. Nf3 Rfe8
15. Rad1 a5 16. Bg5 Bxg5 17. Nxg5 h6 18. Nf3 Qc7 19. h4 Nxe5 20. Nxe5 Qxe5 21.
h5 g5 22. f4 Qf6 23. Rf1 Qg7 24. Rf2 f5 25. Qg3 g4 26. Re2 a4 27. b4 a3 28. Qe1
Qf7 29. Rb1 Qxh5 30. b5 c5 31. Kf2 Qh4+ 32. g3 Qf6 33. Qh1 Kg7 34. Qh4 Ra4 35.
Rh1 Qxh4 36. Rxh4 Kg6 37. Re1 Rb4 38. Reh1 Rh8 39. Ke2 Rxb5 40. Rc1 Rb2 41. Kd2
b5 42. Ra1 Rb4 43. Rhh1 d4 44. Rhb1 dxe3+ 45. Kxe3 Re4+ 46. Kd3 Rd8+ 47. Kc3
b4+ 48. Kb3 Rdd4 49. Ka4 Rd2 50. Rc1 Rc4 51. Kb3 Rc3+ 52. Ka4 Rxg3 53. Kb5 Rc3
54. Rab1 h5 55. Rb3 Rcxc2 56. Rxc2 Rxc2 57. Re3 Kf6 58. Kc6 Rc4 59. Kd6 Re4 60.
Rd3 c4 61. Rg3 c3 62. Rg1 h4 63. Rb1 h3 64. Kc5 h2 65. Rxb4 Rxb4 66. Kxb4 c2
67. Kb3 c1=Q 0-1

[Event "Tournoi Skype 030B"]
[Site "Skype"]
[Date "????.??.??"]
[Round "3.19"]
[White "Cassano, Mariangela"]
[Black "Moraga Vasquez, Michael"]
[Result "0-1"]
[WhiteElo "1000"]
[BlackElo "1206"]
[PlyCount "40"]

1. d4 Nf6 2. Nf3 g6 3. c4 Bg7 4. Bf4 d6 5. e3 O-O 6. Bd3 Re8 7. O-O e5 8. e4
exf4 9. d5 Nxe4 10. Bxe4 Rxe4 11. Re1 Rxe1+ 12. Nxe1 Bxb2 13. Nc2 Bxa1 14. Nxa1
Nd7 15. Qd2 Qf6 16. Nc3 Ne5 17. Ne4 Qg7 18. Qxf4 Ng4 19. Qxg4 Qxa1+ 20. Qd1
Qxd1# 0-1

[Event "Tournoi Skype 030B"]
[Site "Skype"]
[Date "????.??.??"]
[Round "3.20"]
[White "De Fazio, Monica"]
[Black "Gomez Zuluaga, Jorge Adiel"]
[Result "1-0"]
[WhiteElo "1153"]
[BlackElo "1079"]
[PlyCount "137"]

1. d4 d5 2. c4 c6 3. Nc3 Nf6 4. Bg5 Nbd7 5. e3 h6 6. Bh4 Qb6 7. Qb3 e6 8. c5
Nxc5 9. dxc5 Bxc5 10. Qxb6 axb6 11. Nf3 Ne4 12. Nxe4 dxe4 13. Nd2 f5 14. Bg3
O-O 15. Bc4 Ra5 16. O-O Bb4 17. Nb3 Ra4 18. Nd4 Re8 19. Bb3 Ra5 20. Rfc1 c5 21.
Nc2 Bd2 22. Rd1 Bb4 23. Nxb4 cxb4 24. Rac1 Kh7 25. Rc7 e5 26. Rd5 Rxd5 27. Bxd5
Rd8 28. Bb3 Be6 29. h3 Bxb3 30. axb3 Re8 31. Rxb7 Kg6 32. Rxb6+ Kg5 33. Rb5 f4
34. Rxe5+ Rxe5 35. Bxf4+ Kf5 36. Bxe5 Kxe5 37. Kf1 g5 38. g4 Kf6 39. Ke2 Ke5
40. f3 Kd5 41. f4 Ke6 42. f5+ Ke5 43. Kf2 Kf6 44. Kg3 Ke5 45. h4 Kf6 46. hxg5+
Kxg5 47. f6 Kxf6 48. Kf4 Ke6 49. Kxe4 Kf6 50. Kd4 Kg5 51. e4 Kf6 52. Kd5 Kg5
53. e5 Kxg4 54. e6 h5 55. e7 h4 56. e8=Q h3 57. Qg8+ Kh4 58. Qg1 Kh5 59. Kc5
Kh4 60. Kxb4 h2 61. Qxh2+ Kg4 62. Kc4 Kf5 63. Qd6 Ke4 64. b4 Ke3 65. b5 Ke4 66.
b6 Kf5 67. b7 Kg5 68. b8=Q Kh5 69. Qg8 1-0

[Event "Tournoi Skype 030B"]
[Site "Skype"]
[Date "????.??.??"]
[Round "3.21"]
[White "Trapletti, Cosetta"]
[Black "Franca, Adilson Mendes"]
[Result "0-1"]
[WhiteElo "1000"]
[BlackElo "1147"]
[PlyCount "92"]

1. Nc3 Nf6 2. d4 d5 3. Bf4 Bf5 4. e3 e6 5. Bd3 Bxd3 6. Qxd3 Bb4 7. Qb5+ Nc6 8.
Qxb7 Bxc3+ 9. bxc3 O-O 10. Qxc6 Ne4 11. Bxc7 Qh4 12. g3 Qg4 13. Rd1 Nxf2 14.
Kxf2 Qxd1 15. Ne2 Qxh1 16. Bd6 Rac8 17. Qa6 Rfd8 18. h4 Qh2+ 19. Kf3 Qh1+ 20.
Kf2 Qd1 21. Bf4 Qxc2 22. Qxa7 Rxc3 23. Qe7 Rcc8 24. Bc7 Qxc7 25. Qa3 e5 26. Ke1
exd4 27. Nxd4 Qc1+ 28. Qxc1 Rxc1+ 29. Kd2 Ra1 30. Nc6 Rxa2+ 31. Kc3 Rc8 32. Kb3
Rxc6 33. Kxa2 Rb6 34. g4 Kf8 35. g5 g6 36. Ka3 Ke7 37. Ka4 Kd6 38. Ka5 Kc5 39.
Ka4 Rb8 40. Ka3 Kc4 41. h5 gxh5 42. Ka2 Kc3 43. g6 hxg6 44. e4 dxe4 45. Ka1 Kc2
46. Ka2 Ra8# 0-1

[Event "Tournoi Skype 030B"]
[Site "Skype"]
[Date "????.??.??"]
[Round "3.22"]
[White "Franco, Yolima"]
[Black "Nontsikelelo, Yvonne"]
[Result "1-0"]
[WhiteElo "1495"]
[BlackElo "1000"]
[PlyCount "103"]

1. d4 d5 2. c4 Nf6 3. Nc3 e6 4. a3 c5 5. Nf3 Nc6 6. e3 cxd4 7. Nxd4 Nxd4 8.
Qxd4 b6 9. Na4 Ba6 10. cxd5 Bxf1 11. Rxf1 Qxd5 12. Bd2 Qxg2 13. Rc1 Qxh2 14. e4
Rd8 15. Qc4 Bd6 16. Qc6+ Nd7 17. Bc3 O-O 18. Kd2 Ne5 19. Qb5 Bxa3+ 20. Kc2 Nd3
21. Rcd1 Nxf2 22. Be5 Rc8+ 23. Nc3 Qg2 24. Qe2 Bc5 25. Rg1 Qxg1 26. Rxg1 f6 27.
Bf4 Nh3 28. Rg4 e5 29. Bh6 Ng5 30. Bxg5 fxg5 31. Qc4+ Kh8 32. Rxg5 Be7 33. Qe6
Bxg5 34. Qxe5 h6 35. Kb3 Bf6 36. Qd5 Bxc3 37. bxc3 Rcd8 38. Qb7 a5 39. Ka4 b5+
40. Qxb5 Ra8 41. c4 Rf1 42. Qb2 h5 43. c5 h4 44. c6 h3 45. c7 h2 46. Qxh2+ Kg8
47. Qa2+ Kh8 48. Qb2 Re1 49. Qb8+ Rxb8 50. cxb8=Q+ Kh7 51. Qb2 Kg6 52. Qg2+ 1-0

[Event "Tournoi Skype 030B"]
[Site "Skype"]
[Date "????.??.??"]
[Round "3.23"]
[White "Rivalta, Paolo"]
[Black "Farfallini, Michel"]
[Result "1-0"]
[WhiteElo "1142"]
[BlackElo "1446"]
[PlyCount "79"]

1. e4 e5 2. Nf3 Nc6 3. Bc4 Be7 4. O-O Nf6 5. Nc3 Na5 6. Qe2 d6 7. b4 Nxc4 8.
Qxc4 Be6 9. Qb5+ c6 10. Qxb7 Qc8 11. Qxc8+ Bxc8 12. Bb2 Rb8 13. a3 a5 14. Na2
Nxe4 15. d3 Nf6 16. Rfe1 O-O 17. h3 Nd5 18. d4 f6 19. dxe5 fxe5 20. c3 Nf4 21.
Nc1 Bf5 22. Ne2 Nd3 23. Reb1 Nxb2 24. Rxb2 a4 25. Re1 Rf6 26. Rd2 Bxh3 27. gxh3
Rxf3 28. Kg2 Rbf8 29. Rf1 e4 30. Nd4 R3f6 31. Nxc6 Rg6+ 32. Kh1 Rf3 33. Nxe7+
Kf7 34. Nxg6 Rxh3+ 35. Kg2 Rxc3 36. Nf4 Rxa3 37. Rxd6 g5 38. Re1 Ke7 39. Re6+
Kd7 40. R6xe4 1-0

[Event "Tournoi Skype 030B"]
[Site "Skype"]
[Date "????.??.??"]
[Round "3.24"]
[White "Scata, Laura"]
[Black "Jimenez Del Rosario, Alsis Raynely"]
[Result "1-0"]
[WhiteElo "1366"]
[BlackElo "1141"]
[PlyCount "103"]

1. d4 Nf6 2. Bf4 g6 3. Nc3 Bg7 4. e4 d5 5. e5 Nh5 6. Be3 Be6 7. Be2 Nd7 8. Bxh5
gxh5 9. Qxh5 b6 10. Nf3 c5 11. Ng5 cxd4 12. Nxe6 Qc8 13. Nxg7+ Kf8 14. Qh6 dxe3
15. fxe3 Nxe5 16. Ne6+ Ke8 17. Qg7 Ng6 18. Ng5 Qf5 19. h4 h6 20. Nxf7 Qxf7 21.
Qxf7+ Kxf7 22. O-O+ Ke6 23. g3 h5 24. Rad1 Rad8 25. Rd4 Ke5 26. Rfd1 e6 27. e4
Ne7 28. exd5 exd5 29. Kg2 Rhg8 30. Ne2 Nf5 31. R4d3 Nxh4+ 32. Kf2 Nf5 33. Nf4
h4 34. gxh4 Kxf4 35. Rf3+ Kg4 36. Rg1+ Kh5 37. Rxf5+ Kxh4 38. Rxg8 Rxg8 39.
Rxd5 Kh3 40. Rh5+ Kg4 41. Rh1 Rf8+ 42. Kg1 Kg3 43. Rh7 Rf2 44. Rg7+ Kf3 45.
Rf7+ Ke2 46. Rxf2+ Ke3 47. c4 Kd4 48. b3 a5 49. Rf5 Kc3 50. Rxa5 bxa5 51. c5
Kb4 52. c6 1-0

[Event "Tournoi Skype 030B"]
[Site "Skype"]
[Date "????.??.??"]
[Round "3.25"]
[White "Vincent, Andre"]
[Black "Erten, Ozlem"]
[Result "1/2-1/2"]
[WhiteElo "1332"]
[BlackElo "1138"]
[PlyCount "55"]

1. Nf3 d5 2. d4 Nc6 3. Bf4 e6 4. c3 Bd6 5. e3 Nf6 6. h3 O-O 7. Be2 Re8 8. O-O
e5 9. dxe5 Nxe5 10. Nxe5 Bxe5 11. Bg5 c6 12. Nd2 Bc7 13. Nf3 Bf5 14. Bd3 Be4
15. Bxe4 dxe4 16. Qxd8 Bxd8 17. Nd4 h6 18. Bh4 Nd5 19. Bxd8 Raxd8 20. g3 Ne7
21. Kg2 c5 22. Nb5 Rd2 23. b4 cxb4 24. cxb4 a6 25. Nd4 Nd5 26. Nf5 Kh7 27. Rfd1
Rxd1 28. Rxd1 1/2-1/2

[Event "Tournoi Skype 030B"]
[Site "Skype"]
[Date "????.??.??"]
[Round "3.27"]
[White "Hargez, Dany"]
[Black "Tolaro, Filippa"]
[Result "1-0"]
[WhiteElo "1296"]
[BlackElo "1114"]
[PlyCount "43"]

1. e4 c6 2. d4 d5 3. exd5 cxd5 4. Nc3 Nf6 5. Nf3 Bf5 6. Bb5+ Nc6 7. Ne5 Bd7 8.
O-O Nxe5 9. dxe5 Ne4 10. Qxd5 Nxc3 11. bxc3 e6 12. Qxb7 Rb8 13. Bxd7+ Qxd7 14.
Qxb8+ Qd8 15. Qxa7 Be7 16. Be3 O-O 17. Rad1 Qe8 18. Rd7 Bd8 19. Bc5 Bb6 20.
Bxb6 f5 21. Rxg7+ Kh8 22. Rxh7+ 1-0

[Event "Tournoi Skype 030B"]
[Site "Skype"]
[Date "????.??.??"]
[Round "3.29"]
[White "Abate, Luigi"]
[Black "Ponz Lazaro, Ruperto"]
[Result "0-1"]
[WhiteElo "1119"]
[BlackElo "1285"]
[PlyCount "116"]

1. b3 e5 2. Bb2 Nc6 3. e4 Nf6 4. Nf3 Nxe4 5. Nxe5 Nxe5 6. Bxe5 Qe7 7. d4 d6 8.
Qd3 dxe5 9. Qxe4 exd4 10. Qxe7+ Bxe7 11. Bb5+ c6 12. Bc4 Bf6 13. O-O Bf5 14.
Bd3 Bxd3 15. cxd3 O-O-O 16. Nd2 Rhe8 17. Rae1 b6 18. Nc4 Kd7 19. h3 Rxe1 20.
Rxe1 Re8 21. Kf1 Rxe1+ 22. Kxe1 Ke6 23. f4 g5 24. g3 gxf4 25. g4 Be7 26. Kf2 f5
27. Kf3 Bg5 28. a4 c5 29. Kf2 fxg4 30. hxg4 Kd5 31. Kf3 Kc6 32. Ne5+ Kb7 33.
Nf7 h6 34. Kf2 Kc6 35. Ne5+ Kb7 36. Kf3 Ka6 37. Nc6 Kb7 38. Ne5 a6 39. Nd7 Kc7
40. Ne5 Kb7 41. Kf2 a5 42. Nd7 Ka6 43. Kf3 b5 44. Nxc5+ Kb6 45. Ne6 bxa4 46.
Nxd4 axb3 47. Nxb3 a4 48. Nc1 Kc5 49. Ke4 a3 50. d4+ Kc4 51. d5 f3 52. Kxf3
Bxc1 53. d6 Bg5 54. d7 a2 55. Ke4 a1=Q 56. Kf5 Qf6+ 57. Ke4 Qe6+ 58. Kf3 Qxd7
0-1

[Event "Tournoi Skype 030B"]
[Site "Skype"]
[Date "????.??.??"]
[Round "3.30"]
[White "Bellati, Fabio"]
[Black "Cengiz, Ali Ekber"]
[Result "0-1"]
[WhiteElo "1104"]
[BlackElo "1281"]
[PlyCount "48"]

1. e4 e5 2. Nf3 Nc6 3. Bc4 h6 4. c3 Nf6 5. Qe2 Be7 6. d4 exd4 7. cxd4 O-O 8.
Nc3 Re8 9. O-O d6 10. h3 a6 11. Bf4 b5 12. Bb3 a5 13. a3 Na7 14. e5 dxe5 15.
dxe5 Bc5 16. Rad1 Qe7 17. Nxb5 Nxb5 18. Qxb5 Ba6 19. Qc6 Bxf1 20. Rd7 Nxd7 21.
Kxf1 Nf8 22. Qd5 Ne6 23. Ba4 Rad8 24. Qc6 Nxf4 0-1

[Event "Tournoi Skype 030B"]
[Site "Skype"]
[Date "????.??.??"]
[Round "3.31"]
[White "Ruiz Aguilera, Juan Jesus"]
[Black "Sosa, Juan Carlos"]
[Result "0-1"]
[WhiteElo "1102"]
[BlackElo "1276"]
[PlyCount "132"]

1. e4 c5 2. c3 e5 3. Qh5 d6 4. Bb5+ Nc6 5. d3 Nf6 6. Bxc6+ bxc6 7. Qd1 h6 8. f4
Bg4 9. Nf3 Be7 10. O-O O-O 11. Be3 Nh5 12. h3 Bxf3 13. Qxf3 Nxf4 14. Bxf4 exf4
15. Qxf4 Bg5 16. Qf2 Bh4 17. Qc2 Qe7 18. Qa4 Rac8 19. Kh1 d5 20. exd5 cxd5 21.
c4 Qe2 22. Nd2 Qxd2 23. cxd5 Qxd3 24. Qxh4 Qxd5 25. Qe7 a5 26. Rfd1 Qg5 27.
Qxg5 hxg5 28. Rac1 c4 29. Rd5 a4 30. Rxg5 f5 31. Rg6 Rf6 32. Rxf6 gxf6 33. Kg1
Kf7 34. Kf1 Kg6 35. Ke1 Kg5 36. Kd2 Kf4 37. h4 Kg4 38. Rh1 Kg3 39. Rf1 Rc5 40.
Ke3 Kxg2 41. Rc1 Re5+ 42. Kf4 Rc5 43. Ke3 Kg3 44. Kd4 Re5 45. Kxc4 f4 46. Kd4
f3 47. Rc3 Kg2 48. Rc6 f2 49. Rxf6 Re2 50. Rg6+ Kf3 51. Rf6+ Kg4 52. Rf7 Rxb2
53. a3 Kxh4 54. Kc3 Ra2 55. Kb4 Kg3 56. Kxa4 Ra1 57. Rg7+ Kf3 58. Rf7+ Ke3 59.
Re7+ Kd3 60. Rd7+ Kc3 61. Rc7+ Kb2 62. Rb7+ Ka2 63. Rf7 f1=Q 64. Rxf1 Rxf1 65.
Kb4 Rf4+ 66. Kb5 Kxa3 0-1

[Event "Tournoi Skype 030B"]
[Site "Skype"]
[Date "????.??.??"]
[Round "3.32"]
[White "Bucherie, Volcy"]
[Black "Maccaferri, Massimo"]
[Result "1-0"]
[WhiteElo "1274"]
[BlackElo "1074"]
[PlyCount "123"]

1. d4 e5 2. dxe5 Nc6 3. Nf3 Qe7 4. Qd5 Nb4 5. Bg5 Nxc2+ 6. Kd2 c6 7. Bxe7 cxd5
8. Bxf8 Nxa1 9. Bxg7 Ke7 10. Bxh8 f6 11. exf6+ Nxf6 12. Bxf6+ Kxf6 13. e3 d6
14. h3 Bf5 15. g4 Be4 16. g5+ Kg6 17. Bg2 Nc2 18. Nc3 Nb4 19. Nxe4 dxe4 20.
Nh4+ Kxg5 21. Bxe4 Kxh4 22. Bxh7 Rf8 23. f4 Kg3 24. f5 Kg2 25. Rc1 Nxa2 26. Rc7
Rb8 27. f6 a5 28. f7 Kxh3 29. Bf5+ Kh4 30. e4 Kg5 31. Be6 Kf6 32. Bxa2 b5 33.
Kc3 b4+ 34. Kc4 a4 35. f8=Q+ Rxf8 36. Kxb4 Rb8+ 37. Kc3 Ke5 38. Re7+ Kf4 39.
Bd5 Rc8+ 40. Kb4 Rb8+ 41. Kxa4 Rxb2 42. Rf7+ Ke5 43. Rf5+ Kd4 44. Rf6 Ke5 45.
Re6+ Kd4 46. Rxd6 Ra2+ 47. Bxa2+ Ke5 48. Re6+ Kd4 49. Kb4 Kd3 50. e5 Kd4 51.
Re8 Ke4 52. e6 Ke5 53. Kc5 Kf6 54. Kd6 Kg7 55. e7 Kf6 56. Rf8+ Kg7 57. Rg8+ Kh7
58. Ke5 Kh6 59. Kf5 Kh7 60. Rg6 Kh8 61. e8=Q+ Kh7 62. Rg8 1-0

[Event "Tournoi Skype 030B"]
[Site "Skype"]
[Date "????.??.??"]
[Round "3.33"]
[White "Le Bouill, Pierre"]
[Black "Ramirez, Luis Antonio"]
[Result "1-0"]
[WhiteElo "1260"]
[BlackElo "1049"]
[PlyCount "65"]

1. Nf3 d6 2. d4 c6 3. g3 Nf6 4. Bg2 h6 5. b3 Nbd7 6. Bb2 g5 7. h3 Bg7 8. e3 O-O
9. O-O Re8 10. Nbd2 Nf8 11. c4 Ng6 12. Rc1 g4 13. hxg4 Nxg4 14. Nh2 Nf6 15. f4
e5 16. f5 Nf8 17. Ne4 d5 18. Nxf6+ Bxf6 19. Qg4+ Ng6 20. Rce1 e4 21. Qe2 Bxf5
22. Rxf5 Kg7 23. Ng4 Ne7 24. Rxf6 Ng8 25. Rf4 f5 26. Ne5 Rf8 27. Ref1 Qg5 28.
Qf2 Nf6 29. Rxf5 Qxf5 30. Qxf5 Nh7 31. Qg6+ Kh8 32. Nf7+ Rxf7 33. Rxf7 1-0

[Event "Tournoi Skype 030B"]
[Site "Skype"]
[Date "????.??.??"]
[Round "3.34"]
[White "Huerta Lopez, Cesar Rogelio"]
[Black "Hernandez Monzon, Alejandro"]
[Result "1-0"]
[WhiteElo "1097"]
[BlackElo "1242"]
[PlyCount "63"]

1. e4 c5 2. Nf3 d6 3. d4 cxd4 4. Nxd4 a6 5. Be2 Nf6 6. Nc3 Nc6 7. Nf3 e5 8. O-O
Be6 9. Bg5 Be7 10. Bxf6 Bxf6 11. h3 O-O 12. a3 Qb6 13. b4 Nd4 14. Nd5 Nxf3+ 15.
Bxf3 Bxd5 16. Qxd5 Rac8 17. c4 Rfd8 18. Bh5 g6 19. Bg4 Rc7 20. Rac1 Qa7 21. Rc3
b6 22. Be2 b5 23. Rf3 Kg7 24. cxb5 Rc2 25. Re1 axb5 26. Qxb5 Qc7 27. Qd5 Rc1
28. Rxc1 Qxc1+ 29. Kh2 Qc2 30. Qd3 Qc6 31. b5 Qb7 32. Qd5 1-0

[Event "Tournoi Skype 030B"]
[Site "Skype"]
[Date "????.??.??"]
[Round "3.35"]
[White "Jones, Malcolm"]
[Black "Guevara, Lizbeth"]
[Result "1-0"]
[WhiteElo "1240"]
[BlackElo "1036"]
[PlyCount "91"]

1. e4 d5 2. e5 c5 3. Nf3 Bd7 4. a4 e6 5. g3 Ne7 6. d4 cxd4 7. Nxd4 Nec6 8. Bb5
Bc5 9. Nxc6 Nxc6 10. Bxc6 bxc6 11. Be3 d4 12. Bxd4 Qb6 13. Bxc5 Qxb2 14. Qd6
Qc1+ 15. Qd1 Qb2 16. Bd4 Qb4+ 17. c3 Qa5 18. O-O c5 19. Be3 c4 20. Qd6 Qd8 21.
Rd1 Bc6 22. Qxc6+ Ke7 23. Rxd8 Raxd8 24. Na3 f6 25. Bc5+ Kf7 26. Qc7+ Kg6 27.
exf6 gxf6 28. Nxc4 Rd2 29. Nxd2 h5 30. h4 Rh7 31. Qc8 Kf7 32. Qd7+ Kg6 33. Qxe6
Kg7 34. Qe7+ Kg6 35. Qxh7+ Kxh7 36. Bxa7 Kg7 37. a5 Kg6 38. a6 Kg7 39. Bd4 Kg6
40. a7 Kg7 41. a8=Q Kg6 42. Qg8+ Kf5 43. Bxf6 Kxf6 44. Qg5+ Ke6 45. Ra6+ Kd7
46. Qg7+ 1-0

[Event "Tournoi Skype 030B"]
[Site "Skype"]
[Date "????.??.??"]
[Round "3.36"]
[White "Dib, Catherine"]
[Black "Conde, Abigail"]
[Result "0-1"]
[WhiteElo "1096"]
[BlackElo "1234"]
[PlyCount "38"]

1. d4 d5 2. Bf4 Bf5 3. Nf3 Nf6 4. e3 Nbd7 5. Nbd2 e6 6. h3 c5 7. c3 c4 8. Be2
Ne4 9. O-O Ndf6 10. b3 b5 11. Rb1 Nxc3 12. Qe1 Nxb1 13. Nxb1 Rc8 14. Nc3 Bb4
15. Be5 cxb3 16. a3 Bxc3 17. Qd1 a6 18. Qxb3 O-O 19. Rc1 Ne4 0-1